Od falošných ilúzií k autentickému jestvovaniu Slovenské filmové herectvo 1946-1969

Bibliographic Details
Main Author: Porubjak, Martin, 1944-2015 (Author)
Format: Article
Language:Slovak
PhysicalDescription:Obr. 10.
Subjects:

MARC

LEADER 00000nab a2200000 a 4500
001 vtls000385400
003 SK-MaSNL
005 20260303190551.0
008 230223c1990 xo 0 slo
015 |a SNBRB19rr/mm-uuuuu 
035 |a CL0385523 
035 |a (urnnbn)urn:nbn:sk:snk:ar-a09d0n 
035 |a (uuid)0e65a4e4-4e53-413f-8aad-e0325d42fd7f 
035 |a urn:nbn:sk:snk-ab8ea1 
040 |a SNKBUCL  |b slo  |c SNKBUCL  |e AACR2 
041 0 |a slo 
044 |a xo  |c SK 
080 |a 791.43(437.6)(091)  |2 1981 
080 |a 791.44.071.2(437.6)  |2 1981 
100 1 |a Porubjak, Martin,  |d 1944-2015  |4 aut  |9 159939 
245 1 0 |a Od falošných ilúzií k autentickému jestvovaniu  |b Slovenské filmové herectvo 1946-1969  |c Martin Porubjak 
300 |b Obr. 10. 
650 0 7 |a film slovenský  |2 snkbucl  |9 853809 
650 0 7 |a filmové herectvo  |2 snkbucl  |9 97612 
655 7 |a články z novín a časopisov  |2 snkbucl  |9 267496 
773 0 |t Slovenské divadlo  |g Roč. 38, č. 2 (1990), s. /162/-176 
850 |a Slovenská národná knižnica v Martine  |a MTA001 
852 |a SNK  |b KIS3GCP 
954 |a odborná, vedecká literatúra pôvodná (slovenská)  |2 lita 
958 |a RK 
958 |a OND 
958 |a EUIPO 
958 |a article9 
992 |a RBX 
999 |c 2136928  |d 2138858